Joseph Montzel e la sua orchestra (Record n. 103728)
[ formato base ]
| 000 -LEADER | |
|---|---|
| fixed length control field | 03420njm a2200541Ia 4500 |
| 001 - CONTROL NUMBER | |
| control field | 27446 |
| 003 - CONTROL NUMBER IDENTIFIER | |
| control field | IT-RoPAU |
| 005 - DATE AND TIME OF LATEST TRANSACTION | |
| control field | 20220918181212.0 |
| 008 - FIXED-LENGTH DATA ELEMENTS--GENERAL INFORMATION | |
| fixed length control field | 131025s9999 xx 000 0 und d |
| 040 ## - CATALOGING SOURCE | |
| Original cataloging agency | IT-RoPAU |
| 040 ## - CATALOGING SOURCE | |
| Transcribing agency | IT-RoPAU |
| 999 ## - SYSTEM CONTROL NUMBERS (KOHA) | |
| Koha Dewey Subclass [OBSOLETE] | n.d. |
| 100 ## - MAIN ENTRY--PERSONAL NAME | |
| Personal name | AA.VV. |
| 9 (RLIN) | 794 |
| 100 ## - MAIN ENTRY--PERSONAL NAME | |
| Relator term | Autore musica |
| 9 (RLIN) | 18064 |
| 100 ## - MAIN ENTRY--PERSONAL NAME | |
| Miscellaneous information | Codice autore musica SPICS: 12000 |
| 9 (RLIN) | 796 |
| 245 ## - TITLE STATEMENT | |
| Title | Joseph Montzel e la sua orchestra |
| 250 ## - EDITION STATEMENT | |
| Edition statement | 1a ed. |
| 260 ## - PUBLICATION, DISTRIBUTION, ETC. (IMPRINT) | |
| Place of publication, distribution, etc. | ROMA |
| 260 ## - PUBLICATION, DISTRIBUTION, ETC. (IMPRINT) | |
| Name of publisher, distributor, etc. | SIBILLA |
| 300 ## - PHYSICAL DESCRIPTION | |
| Extent | DISCO |
| 300 ## - PHYSICAL DESCRIPTION | |
| Dimensions | 33 minuti (Testo: pag.) |
| 500 ## - GENERAL NOTE | |
| General note | Musica strumentale |
| 505 ## - FORMATTED CONTENTS NOTE | |
| Formatted contents note | Una cosa da niente (4:00) - Caro Paganini (3:00) - Mi perdo in te (3:00) - Una lacrima nel pugno (3:00) - La sua bocca (3:00) - Il bene che ti voglio (3:00) - Sempre più difficile (3:00) - Busserò alla tua porta (3:00) - Tu sei l'estate (4:00) - Non piove più (4:00) - Stasera me ne andrò (3:00) - Due calde lacrime (3:00) |
| 511 ## - PARTICIPANT OR PERFORMER NOTE | |
| Participant or performer note | Direttore d'orchestra: Montzel Joseph |
| 650 ## - SUBJECT ADDED ENTRY--TOPICAL TERM | |
| Topical term or geographic name as entry element | STRUMENTALE [DISCHI] |
| Relator term | Codice MATERIA SPICS: 9950 |
| 9 (RLIN) | 828 |
| 700 ## - ADDED ENTRY--PERSONAL NAME | |
| Personal name | Montzel Joseph |
| Miscellaneous information | Codice interprete SPICS: 11029 |
| Relator term | Interprete |
| 9 (RLIN) | 18065 |
| 700 ## - ADDED ENTRY--PERSONAL NAME | |
| Personal name | Surace D. |
| Miscellaneous information | Codice autore musica SPICS: 22538 |
| Relator term | Autore musica |
| Name of part/section of a work | Una cosa da niente |
| 9 (RLIN) | 18066 |
| 700 ## - ADDED ENTRY--PERSONAL NAME | |
| Personal name | Monti Elvio |
| Miscellaneous information | Codice autore SPICS: 11030 |
| Relator term | Autore |
| Name of part/section of a work | Una cosa da niente - Tu sei l'estate |
| 9 (RLIN) | 18067 |
| 700 ## - ADDED ENTRY--PERSONAL NAME | |
| Personal name | Vuolo D. |
| Miscellaneous information | Codice autore testo/musica SPICS: 28278 |
| Relator term | Autore testo/musica |
| Name of part/section of a work | Una cosa da niente |
| 9 (RLIN) | 18068 |
| 700 ## - ADDED ENTRY--PERSONAL NAME | |
| Personal name | Benedetto |
| Miscellaneous information | Codice autore musica SPICS: 13364 |
| Relator term | Autore musica |
| Name of part/section of a work | Caro Paganini - Busserò alla tua porta |
| 9 (RLIN) | 18069 |
| 700 ## - ADDED ENTRY--PERSONAL NAME | |
| Personal name | Alfieri |
| Miscellaneous information | Codice autore testo/musica SPICS: 24559 |
| Relator term | Autore testo/musica |
| Name of part/section of a work | Caro Paganini - Busserò alla tua porta |
| 9 (RLIN) | 18070 |
| 700 ## - ADDED ENTRY--PERSONAL NAME | |
| Personal name | Pelleus |
| Miscellaneous information | Codice autore musica SPICS: 24144 |
| Relator term | Autore musica |
| Name of part/section of a work | Mi perdo in te - Sempre più difficile - Stasera me ne andrò |
| 9 (RLIN) | 18071 |
| 700 ## - ADDED ENTRY--PERSONAL NAME | |
| Personal name | Sciascia |
| Miscellaneous information | Codice autore testo/musica SPICS: 24608 |
| Relator term | Autore testo/musica |
| Name of part/section of a work | Mi perdo in te |
| 9 (RLIN) | 18072 |
| 700 ## - ADDED ENTRY--PERSONAL NAME | |
| Personal name | Damele |
| Miscellaneous information | Codice autore musica SPICS: 24141 |
| Relator term | Autore musica |
| Name of part/section of a work | Una lacrima nel pugno |
| 9 (RLIN) | 18073 |
| 700 ## - ADDED ENTRY--PERSONAL NAME | |
| Personal name | Palma |
| Miscellaneous information | Codice autore testo/musica SPICS: 28282 |
| Relator term | Autore testo/musica |
| Name of part/section of a work | Una lacrima nel pugno |
| 9 (RLIN) | 18074 |
| 700 ## - ADDED ENTRY--PERSONAL NAME | |
| Personal name | Ruthuard |
| Miscellaneous information | Codice autore musica SPICS: 11133 |
| Relator term | Autore musica |
| Name of part/section of a work | La sua bocca - Tu sei l'estate - Due calde lacrime |
| 9 (RLIN) | 18075 |
| 700 ## - ADDED ENTRY--PERSONAL NAME | |
| Personal name | Potieri |
| Miscellaneous information | Codice autore testo/musica SPICS: 28283 |
| Relator term | Autore testo/musica |
| Name of part/section of a work | La sua bocca |
| 9 (RLIN) | 18076 |
| 700 ## - ADDED ENTRY--PERSONAL NAME | |
| Personal name | Barone Emilia |
| Miscellaneous information | Codice autore testo/musica SPICS: 9531 |
| Relator term | Autore testo/musica |
| Name of part/section of a work | Il bene che ti voglio |
| 9 (RLIN) | 18077 |
| 700 ## - ADDED ENTRY--PERSONAL NAME | |
| Personal name | Fontana Jimmy |
| Miscellaneous information | Codice autore SPICS: 10905 |
| Relator term | Autore |
| Name of part/section of a work | Sempre più difficile |
| 9 (RLIN) | 18078 |
| 700 ## - ADDED ENTRY--PERSONAL NAME | |
| Personal name | Bux |
| Miscellaneous information | Codice autore testo/musica SPICS: 28284 |
| Relator term | Autore testo/musica |
| Name of part/section of a work | Sempre più difficile |
| 9 (RLIN) | 18079 |
| 700 ## - ADDED ENTRY--PERSONAL NAME | |
| Personal name | Roberti Jean-Claude |
| Miscellaneous information | Codice autore testo/musica SPICS: 18787 |
| Relator term | Autore testo/musica |
| Name of part/section of a work | Tu sei l'estate |
| 9 (RLIN) | 18080 |
| 700 ## - ADDED ENTRY--PERSONAL NAME | |
| Personal name | Zauli F. |
| Miscellaneous information | Codice autore musica SPICS: 24146 |
| Relator term | Autore musica |
| Name of part/section of a work | Non piove più |
| 9 (RLIN) | 18081 |
| 700 ## - ADDED ENTRY--PERSONAL NAME | |
| Personal name | Tassi |
| Miscellaneous information | Codice autore SPICS: 15775 |
| Relator term | Autore |
| Name of part/section of a work | Non piove più |
| 9 (RLIN) | 18082 |
| 700 ## - ADDED ENTRY--PERSONAL NAME | |
| Personal name | Borri |
| Miscellaneous information | Codice autore testo/musica SPICS: 28285 |
| Relator term | Autore testo/musica |
| Name of part/section of a work | Non piove più |
| 9 (RLIN) | 18083 |
| 700 ## - ADDED ENTRY--PERSONAL NAME | |
| Personal name | Annino |
| Miscellaneous information | Codice autore testo/musica SPICS: 28286 |
| Relator term | Autore testo/musica |
| Name of part/section of a work | Stasera me ne andrò |
| 9 (RLIN) | 18084 |
| 700 ## - ADDED ENTRY--PERSONAL NAME | |
| Personal name | D'Andrea Franco |
| Miscellaneous information | Codice autore testo/musica SPICS: 16381 |
| Relator term | Autore musica |
| Name of part/section of a work | Due calde lacrime |
| 9 (RLIN) | 18085 |
| 942 ## - ADDED ENTRY ELEMENTS (KOHA) | |
| Koha item type | DISCHI |
| Source of classification or shelving scheme | Dewey Decimal Classification |
| Withdrawn status | Lost status | Damaged status | Not for loan | Home library | Current library | Date acquired | Total Checkouts | Full call number | Date last seen | Price effective from | Koha item type | Public note |
|---|---|---|---|---|---|---|---|---|---|---|---|---|
| Buone Condizioni | Not For Loan | SPICS-MEDIATECA | SPICS-MEDIATECA | 25/10/2013 | 27446 | 25/10/2013 | 25/10/2013 | DISCHI | Progr. Ins.: 7003 / N.Vol.: 1 / Copie: 1 - Copia rara: n.d. / date import: 01.01.2014 - By Epidotti, Trombetti, Vaglietti |